[Event "Foment Martinenc op-B 23rd"]
[Site "Barcelona"]
[Date "2023.06.03"]
[Round "7"]
[White "Morales Rubiella, Albert"]
[Black "Berishvili, Luka"]
[Result "0-1"]
[WhiteElo "1415"]
[BlackElo "1547"]
[PlyCount "72"]
[EventDate "2023.04.22"]
[EventType "swiss"]
[EventRounds "9"]
[EventCountry "ESP"]
[SourceTitle "EXT 2024"]
[Source "ChessBase"]
[SourceDate "2023.10.10"]
[SourceVersion "1"]
[SourceVersionDate "2023.10.10"]
[SourceQuality "1"]

1. f4 Nf6 2. Nf3 d5 3. b3 Bf5 4. Bb2 e6 5. e3 Be7 6. c4 c6 7. Be2 0-0 8. 0-0 Nbd7 9. Nc3 Rc8 10. Nd4 Bg6 11. cxd5 cxd5 12. g4 h6 13. f5 exf5 14. Nxf5 Bxf5 15. Rxf5 Nb6 16. d4 Bd6 17. Qd2 Bb4 18. Rc1 Ne4 19. Qd3 Qh4 20. Nxe4 dxe4 21. Qd1 Bd6 22. Rf2 Rxc1 23. Bxc1 Re8 24. Bc4 Nxc4 25. bxc4 b6 26. Qe2 Rc8 27. Rf5 Rxc4 28. Bd2 Rc2 29. Rd5 Bb4 30. Qg2 Rxd2 31. Qg3 Qxg3+ 32. hxg3 Rxa2 33. Rd8+ Kh7 34. d5 Rd2 35. Rd7 a5 36. d6 Rxd6 0-1

[Event "Foment Martinenc op-B 23rd"]
[Site "Barcelona"]
[Date "2023.04.22"]
[Round "1"]
[White "Berishvili, Luka"]
[Black "Gonzalez Lopez, Marcelo"]
[Result "0-1"]
[WhiteElo "1547"]
[BlackElo "1797"]
[PlyCount "129"]
[EventDate "2023.04.22"]
[EventType "swiss"]
[EventRounds "9"]
[EventCountry "ESP"]
[SourceTitle "EXT 2024"]
[Source "ChessBase"]
[SourceDate "2023.10.10"]
[SourceVersion "1"]
[SourceVersionDate "2023.10.10"]
[SourceQuality "1"]

1. d4 Nf6 2. c4 e6 3. Nf3 d5 4. Nc3 Bb4 5. Qa4+ Nc6 6. Ne5 Bxc3+ 7. bxc3 Bd7 8. Nxd7 Nxd7 9. e3 0-0 10. Rb1 Nb6 11. Qb3 Na5 12. Qb4 Naxc4 13. Bxc4 Nxc4 14. 0-0 b6 15. Re1 f5 16. Qa4 a5 17. Qc6 Qd6 18. Qxd6 cxd6 19. a4 Rfc8 20. Rd1 Rc6 21. Rd3 Kf7 22. Rb5 g5 23. h3 h5 24. g3 Rg8 25. Kg2 Ke7 26. Kh2 Rcc8 27. Rd1 Kd7 28. Kg2 Rcf8 29. Kh2 h4 30. gxh4 gxh4 31. Rg1 Rxg1 32. Kxg1 Rg8+ 33. Kh2 Kc6 34. Kh1 e5 35. Kh2 f4 36. exf4 exf4 37. Bxf4 Rf8 38. Bg3 hxg3+ 39. Kxg3 Nd2 40. f4 Ne4+ 41. Kf3 Ng5+ 42. Kg4 Nxh3 43. Kxh3 Rxf4 44. Kg3 Rf1 45. Rb3 Ra1 46. Kf3 Rxa4 47. Ke3 Ra2 48. Rb1 b5 49. Kd3 a4 50. Ke3 Rh2 51. Ra1 Kb6 52. Kd3 Ka5 53. Ra3 b4 54. Ra1 b3 55. Rb1 Kb5 56. Ra1 b2 57. Rb1 a3 58. c4+ dxc4+ 59. Kc3 Rh3+ 60. Kc2 Kb4 61. Rd1 Rh2+ 62. Kb1 c3 63. d5 c2+ 64. Ka2 c1N+ 65. Rxc1 0-1

[Event "Barcelona Sant Marti op 10th"]
[Site "Barcelona"]
[Date "2023.03.02"]
[Round "8"]
[White "Berishvili, Luka"]
[Black "Subirana Santos, Marc"]
[Result "1-0"]
[WhiteElo "1447"]
[BlackElo "1573"]
[PlyCount "45"]
[EventDate "2023.01.12"]
[EventType "swiss"]
[EventRounds "9"]
[EventCountry "ESP"]
[SourceTitle "CBM 213 Extra"]
[Source "ChessBase"]
[SourceDate "2023.05.31"]
[SourceVersion "1"]
[SourceVersionDate "2023.05.31"]
[SourceQuality "1"]

1. e4 e6 2. d4 d5 3. Nc3 c5 4. Nf3 Nc6 5. Bb5 Bd7 6. dxc5 Bxc5 7. exd5 exd5 8. Nxd5 Nge7 9. 0-0 0-0 10. Nxe7+ Qxe7 11. Re1 Qd6 12. Qxd6 Bxd6 13. Rd1 a6 14. Bxc6 Bxh2+ 15. Nxh2 Bxc6 16. Be3 f5 17. Nf3 f4 18. Bb6 Rf6 19. Rd8+ Rxd8 20. Bxd8 Rg6 21. Nh4 Rg4 22. f3 Rg3 23. Nf5 1-0

[Event "Barcelona Sant Marti op 10th"]
[Site "Barcelona"]
[Date "2023.01.26"]
[Round "3"]
[White "Valarezo Ricard, Pedro"]
[Black "Berishvili, Luka"]
[Result "1-0"]
[WhiteElo "1715"]
[BlackElo "1447"]
[PlyCount "141"]
[EventDate "2023.01.12"]
[EventType "swiss"]
[EventRounds "9"]
[EventCountry "ESP"]
[SourceTitle "CBM 213 Extra"]
[Source "ChessBase"]
[SourceDate "2023.05.31"]
[SourceVersion "1"]
[SourceVersionDate "2023.05.31"]
[SourceQuality "1"]

1. d4 d5 2. c3 Bf5 3. Nf3 Nf6 4. Qb3 b6 5. Bf4 e6 6. Nbd2 Bd6 7. Bg5 0-0 8. Nh4 Bg6 9. Nxg6 fxg6 10. Nf3 h6 11. Bh4 g5 12. Bg3 Ne4 13. Bxd6 Qxd6 14. g4 Qf4 15. Qc2 Qxg4 16. h4 Qf4 17. hxg5 Nxg5 18. Bg2 Nxf3+ 19. Bxf3 Nc6 20. Rg1 Rf6 21. Rg4 Qf5 22. Qa4 e5 23. Bxd5+ Kh8 24. Rg2 Nxd4 25. cxd4 Rd8 26. Qb3 exd4 27. Bc4 Qh5 28. 0-0-0 Qh4 29. Bd3 Rxf2 30. Rxf2 Qxf2 31. Qe6 Qe3+ 32. Qxe3 dxe3 33. Rf1 Re8 34. Rf7 Rc8 35. Ba6 Kg8 36. Re7 Kf8 37. Rxe3 Rd8 38. Rf3+ Ke7 39. Bc4 Rf8 40. Re3+ Kd6 41. Re6+ Kc5 42. Bd3 Rf7 43. Kd2 c6 44. a3 Kd5 45. Rg6 c5 46. b3 Rd7 47. Kc3 Rf7 48. Bc4+ Ke5 49. Bxf7 Kf5 50. Rxg7 Kf6 51. Rh7 Kg5 52. Bc4 h5 53. Rxa7 h4 54. Rb7 h3 55. Rxb6 h2 56. Bd5 h1Q 57. Bxh1 Kf4 58. Bf3 Ke3 59. Kc4 Kd2 60. Kxc5 Kc3 61. e4 Kd3 62. e5 Ke3 63. Rf6 Kd3 64. e6 Kc3 65. Bd5 Kd3 66. e7 Kc3 67. e8Q Kd3 68. Bc4+ Kd2 69. Rf2+ Kd1 70. Qe2+ Kc1 71. Qc2# 1-0